Financial acounting

The Ninth Edition of Financial Accounting offers the first year accounting student an introduction to the preparation and use of financial accounting information. Accounting research and analysis has been significantly increased to provide a greater user-orientation, while coverage of procedures has...

Descripción completa

Guardado en:
Detalles Bibliográficos
Formato: Libro
Lenguaje:Undetermined
Publicado: Boston, Mass. Irwin/McGraw-Hill 1997
Materias:
Etiquetas: Agregar Etiqueta
Sin Etiquetas, Sea el primero en etiquetar este registro!
Thư viện lưu trữ: Trung tâm Học liệu Trường Đại học Cần Thơ
LEADER 00983nam a2200193Ia 4500
001 CTU_153699
008 210402s9999 xx 000 0 und d
020 |c 344000 
082 |a 657 
082 |b F491 
245 0 |a Financial acounting 
245 0 |c Robert F. Meigs ... [et al.] 
260 |a Boston, Mass. 
260 |b Irwin/McGraw-Hill 
260 |c 1997 
520 |a The Ninth Edition of Financial Accounting offers the first year accounting student an introduction to the preparation and use of financial accounting information. Accounting research and analysis has been significantly increased to provide a greater user-orientation, while coverage of procedures has been reduced. In addition, the Ninth Edition has two new co-authors, a new contemporary design, new pedagogical features including Internet activities, and a full support package. 
650 |a Accounting,Kế toán 
904 |i Trọng Hải 
980 |a Trung tâm Học liệu Trường Đại học Cần Thơ